000 00649nam a2200265Ia 4500
003 0100
008 130303s9999 xx 000 0 und d
020 _a133618331
040 _cARRUPELIB
050 _aJA66.R2981990
100 _aRanney, Austin
245 _aGoverning
245 _ban introduction to political science
250 _a5th
260 _aEnglewood Cliffs
260 _bPrentice-Hall
260 _C1990
300 _axviii
300 _b 510 p. 25 cm
650 _bExperience (Religion)
650 _cPsychology, Religious
650 _dConversion Philosophy an religion
700 _aAustin Ranney
942 0 0 _03
999 _c16214
_d16214